[Event "London Central op-A"]
[Site "London"]
[Date "2022.04.24"]
[Round "4"]
[White "Rogers, Timothy"]
[Black "Nevett Farman, Benjamin"]
[Result "1-0"]
[WhiteElo "1986"]
[BlackElo "1681"]
[PlyCount "129"]
[EventDate "2022.04.22"]
[EventType "swiss"]
[EventRounds "5"]
[EventCountry "ENG"]
[SourceTitle "EXT 2024"]
[Source "ChessBase"]
[SourceDate "2023.10.10"]
[SourceVersion "1"]
[SourceVersionDate "2023.10.10"]
[SourceQuality "1"]

1. e4 c5 2. c3 Nf6 3. e5 Nd5 4. d4 cxd4 5. cxd4 d6 6. Nf3 e6 7. Bc4 Nc6 8. 0-0 Be7 9. Nc3 Nxc3 10. bxc3 dxe5 11. Nxe5 Nxe5 12. dxe5 Qa5 13. Qg4 0-0 14. Re1 Rd8 15. Bh6 g6 16. Re3 Qc5 17. h4 Bf8 18. Bxf8 Qxf8 19. h5 Qe7 20. Rae1 Bd7 21. Bd3 Kg7 22. Rg3 Rg8 23. hxg6 hxg6 24. Bxg6 Kf8 25. Qf4 Ke8 26. Be4 Rxg3 27. Qxg3 Bc6 28. Bxc6+ bxc6 29. Rd1 Rb8 30. Rd6 Qf8 31. Qd3 Qg7 32. Qe4 Qg5 33. Rd1 Rb6 34. g3 Qh5 35. Qd3 Kf8 36. Qd8+ Kg7 37. Qf6+ Kh7 38. Re1 Qg6 39. Qh4+ Qh6 40. Qe4+ Qg6 41. Kg2 Qxe4+ 42. Rxe4 a5 43. Ra4 Rb5 44. f4 Kg6 45. Kf3 f6 46. c4 Rb2 47. Rxa5 fxe5 48. Rxe5 Kf6 49. Re2 Rb4 50. Rc2 e5 51. g4 exf4 52. Kxf4 c5 53. Ke4 Ke6 54. g5 Rb1 55. Rg2 Re1+ 56. Kd3 Kf7 57. Kc3 Re3+ 58. Kb2 Kg6 59. a4 Re4 60. Rc2 Kxg5 61. a5 Kf6 62. Kb3 Re8 63. Rf2+ Kg6 64. Ka4 Rb8 65. a6 1-0